Teach yourself C++ / (Record no. 346)
[ view plain ]
| 000 -LEADER | |
|---|---|
| fixed length control field | 00718nam a2200253 a 4500 |
| 001 - CONTROL NUMBER | |
| control field | 18389 |
| 003 - CONTROL NUMBER IDENTIFIER | |
| control field | BD-DhUAP |
| 005 - DATE AND TIME OF LATEST TRANSACTION | |
| control field | 20210124101439.0 |
| 008 - FIXED-LENGTH DATA ELEMENTS--GENERAL INFORMATION | |
| fixed length control field | 200121r20111998ii a 001 0 eng d |
| 020 ## - INTERNATIONAL STANDARD BOOK NUMBER | |
| International Standard Book Number | 9780070438705 |
| 020 ## - INTERNATIONAL STANDARD BOOK NUMBER | |
| International Standard Book Number | 007043870X |
| 020 ## - INTERNATIONAL STANDARD BOOK NUMBER | |
| International Standard Book Number | 007463870X |
| 040 ## - CATALOGING SOURCE | |
| Original cataloging agency | DLC |
| Transcribing agency | DLC |
| Modifying agency | DLC |
| -- | BD-DhAAL |
| 082 00 - DEWEY DECIMAL CLASSIFICATION NUMBER | |
| Classification number | 005.133 SCH |
| Edition number | 23 |
| 100 1# - MAIN ENTRY--PERSONAL NAME | |
| Personal name | Schildt, Herbert. |
| 245 10 - TITLE STATEMENT | |
| Title | Teach yourself C++ / |
| Statement of responsibility, etc. | Herbert Schildt. |
| 250 ## - EDITION STATEMENT | |
| Edition statement | 3rd ed. |
| 260 ## - PUBLICATION, DISTRIBUTION, ETC. | |
| Place of publication, distribution, etc. | New Delhi : |
| Name of publisher, distributor, etc. | Tata McGraw-Hill, |
| Date of publication, distribution, etc. | c1998 [Reprinted 2011]. |
| 300 ## - PHYSICAL DESCRIPTION | |
| Extent | xix, 747 pages : |
| Other physical details | illustrations ; |
| Dimensions | 24 cm. |
| 500 ## - GENERAL NOTE | |
| General note | Includes index. |
| 650 #0 - SUBJECT ADDED ENTRY--TOPICAL TERM | |
| Topical term or geographic name entry element | C++ (Computer program language) |
| 942 ## - ADDED ENTRY ELEMENTS (KOHA) | |
| Source of classification or shelving scheme | |
| Koha item type | Book |
| Withdrawn status | Lost status | Source of classification or shelving scheme | Damaged status | Not for loan | Permanent Location | Current Location | Shelving location | Date acquired | Total Checkouts | Total Renewals | Full call number | Barcode | Date due | Date last seen | Date last checked out | Copy number | Price effective from | Koha item type |
|---|---|---|---|---|---|---|---|---|---|---|---|---|---|---|---|---|---|---|
| UAP Central Library | UAP Central Library | General Stacks | 2020-01-21 | 1 | 1 | 005.133 SCH | 3010018389 | 2021-09-16 | 2021-08-19 | 2021-08-19 | 1 | 2020-01-21 | Book | |||||
| UAP Central Library | UAP Central Library | General Stacks | 2020-01-21 | 005.133 SCH | 3010018387 | 2020-01-21 | 2 | 2020-01-21 | Book | |||||||||
| UAP Central Library | UAP Central Library | General Stacks | 2020-01-21 | 005.133 SCH | 3010012643 | 2020-01-21 | 3 | 2020-01-21 | Book | |||||||||
| UAP Central Library | UAP Central Library | General Stacks | 2020-01-21 | 4 | 1 | 005.133 SCH | 3010018297 | 2023-01-08 | 2022-12-03 | 4 | 2020-01-21 | Book | ||||||
| UAP Central Library | UAP Central Library | General Stacks | 2020-01-21 | 005.133 SCH | 3010018385 | 2020-01-21 | 5 | 2020-01-21 | Book | |||||||||
| UAP Central Library | UAP Central Library | General Stacks | 2020-01-21 | 5 | 005.133 SCH | 3010018295 | 2024-11-07 | 2024-11-04 | 6 | 2020-01-21 | Book | |||||||
| UAP Central Library | UAP Central Library | General Stacks | 2020-01-21 | 005.133 SCH | 3010018296 | 2020-01-21 | 7 | 2020-01-21 | Book | |||||||||
| UAP Central Library | UAP Central Library | General Stacks | 2020-01-21 | 1 | 005.133 SCH | 3010018386 | 2025-04-09 | 2025-03-20 | 8 | 2020-01-21 | Book | |||||||
| UAP Central Library | UAP Central Library | General Stacks | 2020-01-21 | 2 | 005.133 SCH | 3010018388 | 2022-09-26 | 2022-09-26 | 9 | 2020-01-21 | Book | |||||||
| UAP Central Library | UAP Central Library | General Stacks | 2020-01-21 | 1 | 005.133 SCH | 3010021198 | 2022-01-29 | 2022-01-18 | 10 | 2020-01-21 | Book | |||||||
| UAP Central Library | UAP Central Library | General Stacks | 2020-01-21 | 005.133 SCH | 3010010242 | 2021-01-31 | 11 | 2020-01-21 | Book | |||||||||
| UAP Central Library | UAP Central Library | General Stacks | 2020-01-21 | 005.133 SCH | 3010010243 | 2021-02-02 | 12 | 2020-01-21 | Book | |||||||||
| UAP Central Library | UAP Central Library | General Stacks | 2020-01-21 | 005.133 SCH | 3010010244 | 2021-02-02 | 13 | 2020-01-21 | Book | |||||||||
| UAP Central Library | UAP Central Library | General Stacks | 2020-01-21 | 005.133 SCH | 3010010245 | 2021-02-02 | 14 | 2020-01-21 | Book |
Bengali Keyboard